Protocolo de manejo de material de osteosíntesis / (Registro nro. 4585)
[ vista simple ]
| 000 -LEADER | |
|---|---|
| fixed length control field | 01677nam a2200205 4500 |
| 005 - DATE AND TIME OF LATEST TRANSACTION | |
| control field | 20250329165444.0 |
| 008 - FIXED-LENGTH DATA ELEMENTS--GENERAL INFORMATION | |
| fixed length control field | 190415s2019 000 0 eng d |
| 040 ## - CATALOGING SOURCE | |
| Original cataloging agency | CO-CtgCURN |
| Language of cataloging | spa |
| Transcribing agency | coctgcurn |
| 082 0# - DEWEY DECIMAL CLASSIFICATION NUMBER | |
| Classification number | INQ 2019 |
| Item number | B265 |
| 100 1# - MAIN ENTRY--PERSONAL NAME | |
| Personal name | Baron Puerto, Luisa María. |
| 245 10 - TITLE STATEMENT | |
| Title | Protocolo de manejo de material de osteosíntesis / |
| Statement of responsibility, etc. | Luis Maria Baron Puerto. |
| 260 ## - PUBLICATION, DISTRIBUTION, ETC. | |
| Place of publication, distribution, etc. | Cartagena de Indias : |
| Name of publisher, distributor, etc. | Corporación Universitaria Rafael Nuñez, |
| Date of publication, distribution, etc. | 2019. |
| 300 ## - PHYSICAL DESCRIPTION | |
| Extent | 82 hojas. |
| 504 ## - BIBLIOGRAPHY, ETC. NOTE | |
| Bibliography, etc. note | Trabajo de grado (Instrumentación quirúrgica). Corporación Universitaria Rafael Nuñez. Facultad de Ciencias de la Salud. Instrumentación Quirúrgica, 2019. |
| 520 ## - SUMMARY, ETC. | |
| Summary, etc. | "El presente protocolo se aplica a la central de esterilización del Hospital Regional de la Orinoquía, al especialista que solicita el material, a la oficina de programación y a el área de cirugía, es de obligatorio cumplimiento para el personal que participa en el proceso del manejo del material de osteosíntesis. Desde que el especialista solicita el material de osteosíntesis, cotización, autorización, programación del procedimiento quirúrgico, lavado, secado, empaque, esterilización, realización del procedimiento quirúrgico, lavado, secado, facturado y salida de la institución junto con la remisión de la casa comercial. " |
| 650 #0 - SUBJECT ADDED ENTRY--TOPICAL TERM | |
| Topical term or geographic name entry element | Instrumentación quirúrgica |
| Form subdivision | Tesis y disertaciones academicas. |
| 856 ## - ELECTRONIC LOCATION AND ACCESS | |
| Uniform Resource Identifier | <a href="https://unicurn.sharepoint.com/:b:/s/biblioteca/EZLsv2FCelJHpbxkFf0QBMMBTtjNHZcvQ8kU7Om71WBzXg?e=YpwtVm">https://unicurn.sharepoint.com/:b:/s/biblioteca/EZLsv2FCelJHpbxkFf0QBMMBTtjNHZcvQ8kU7Om71WBzXg?e=YpwtVm</a> |
| Public note | Click aqui para ver el recurso en texto completo |
| 942 ## - ADDED ENTRY ELEMENTS (KOHA) | |
| Source of classification or shelving scheme | Dewey Decimal Classification |
| Koha item type | Trabajos de grado |
| Classification part | INQ 2019 |
| Item part | B265 |
| Withdrawn status | Lost status | Source of classification or shelving scheme | Damaged status | Not for loan | Collection | Home library | Current library | Shelving location | Date acquired | Source of acquisition | Cost, normal purchase price | Inventory number | Total checkouts | Full call number | Barcode | Date last seen | Price effective from | Koha item type |
|---|---|---|---|---|---|---|---|---|---|---|---|---|---|---|---|---|---|---|
| Dewey Decimal Classification | Trabajos de grado | Miguel Henríquez Emiliani | Miguel Henríquez Emiliani | Trabajo de grado | 06/01/2019 | El autor | 350000.00 | 023045 | INQ 2019 B265 | 023045 | 06/20/2019 | 06/20/2019 | Trabajos de grado |